000 00572nam a2200217 a 4500
001 BRCA_6746
005 20190320205556.0
008 241011s1918----gw-#######---#000-0#ger-#
041 _ager
044 _agw
050 4 _aPZ3
_b.T588 L8 1918
100 1 _aTolstoi, Lev Nikolaevich
_d1828-1910
_916843
245 1 0 _aLuzern
_bAlbert
_cvon L. N. Tolstoi.
260 _aLeipzig
_b[Insel]
_c[1918]
300 _a79 p.
_c18 cm.
500 _aEstado físico: Encuadernación desprendida
500 _aL79
600 1 4 _aLuzern-St. A.
_916844
902 _aGFM
942 _2lcc
_cB
999 _c6429
_d6429